Statistics for Languages of Bangladesh

Click here to take the quiz!

General Stats

  • This quiz has been taken 541 times
  • The average score is 3 of 12

Answer Stats

HintAnswer% Correct
110,000,000Bengali
98%
250,000Urdu
56%
300,000Burmese
40%
150,000Chakma
16%
13,000,000Chittagonian
13%
120,000Garo
12%
200,000Rohingya
12%
85,000Kok Borok
8%
150,000Marma
8%
10,000,000Rangpuri
8%
166,000Sadri
4%
225,000Santhali
3%

Score Distribution

Percentile by Number Answered

Percent of People with Each Score

Your Score History

You have not taken this quiz